Humboldt-Wirtschats-Lexikon

Gespeichert in:
Bibliographische Detailangaben
Weitere Verfasser: Digel, Werner
Format: Buch
Sprache:Deutsch
Veröffentlicht: München Jacobi KG 1992
Ausgabe:1. Aufl.
Schlagworte:
Tags: Tag hinzufügen
Keine Tags, Fügen Sie das erste Tag hinzu!

MARC

LEADER 00000nam a2200000 4500
001 c005025
005 20221221080201.5
020 |a 3-581-66926-9 
041 0 |a ger 
044 |a DE 
245 1 0 |a Humboldt-Wirtschats-Lexikon  |c Red. Werner Digel 
250 |a 1. Aufl. 
264 1 |a München  |b Jacobi KG  |c 1992 
300 |a 429 s.  |e príl. 
610 2 0 |a ekonómia 
610 2 0 |a pojmy 
610 2 0 |a terminológia 
700 1 |a Digel, Werner